000 00647nam a22001817a 4500
999 _c13611
_d13611
003 AR-CdUCM
008 190415b ||||| |||| 00| 0 spa d
040 _aMUNICIPALIDAD PROVINCIAL DEL CUSCO
_cBIBLIOTECA MUNICIPAL DEL CUSCO
082 _a108 /
_bT17
100 _aTamayo de Serrano, Clara
_932084
245 _aEl Arte en el Pensamiento de Juan Pablo II :
_bHacer de la Vida una Obra de Arte /
260 _aBogotá :
_bIdeas Tipográficas ;
_c2016.
300 _a205 páginas ;
_c24cm
710 _aPatronato Colombiano de Artes y Ciencias
_932085
856 _fwww.patronatocolombiano.com
942 _2ddc
_cLIBROS
945 _anom
_d2019-04-15